[Event "RUS-chT Rapid (Women)"]
[Site "Sochi"]
[Date "2023.10.19"]
[Round "6.18"]
[White "Kovanova, Baira"]
[Black "Muratova, Anel"]
[Result "1-0"]
[WhiteElo "2306"]
[BlackElo "1720"]
[PlyCount "61"]
[EventDate "2023.10.18"]
[EventType "team-swiss (rapid)"]
[EventRounds "9"]
[EventCountry "RUS"]
[SourceTitle "Mega2024 Update 01"]
[Source "Chessbase"]
[SourceDate "2023.11.12"]
[SourceVersion "1"]
[SourceVersionDate "2023.11.12"]
[SourceQuality "1"]
[WhiteTeam "Rostov Nastavnik (W)"]
[BlackTeam "Krasnodar Etyud Saavedry (W)"]
[WhiteTeamCountry "RUS"]
[BlackTeamCountry "RUS"]

1. e4 c5 2. Nf3 d6 3. d4 cxd4 4. Nxd4 Nf6 5. Nc3 g6 6. Be3 Bg7 7. f3 Nc6 8. Qd2 0-0 9. 0-0-0 Nxd4 10. Bxd4 Be6 11. Kb1 a6 12. h4 b5 13. g4 b4 14. Nd5 Bxd5 15. exd5 a5 16. Bb5 Rb8 17. Bc6 Qc7 18. h5 e6 19. Qh2 e5 20. Be3 Rfc8 21. Bg5 Rb6 22. Qh4 Qe7 23. hxg6 hxg6 24. Rd2 Rbxc6 25. dxc6 Rxc6 26. Bh6 Qf8 27. Bxg7 Qxg7 28. Rdh2 Kf8 29. Qg5 Rc8 30. Rh8+ Ng8 31. R1h7 1-0

[Event "RUS-chT Blitz (Women)"]
[Site "Sochi"]
[Date "2023.10.17"]
[Round "10.18"]
[White "Khlichkova, Tatiana"]
[Black "Muratova, Anel"]
[Result "1-0"]
[WhiteElo "2196"]
[BlackElo "1720"]
[PlyCount "52"]
[EventDate "2023.10.17"]
[EventType "team-tourn (blitz)"]
[EventRounds "13"]
[EventCountry "RUS"]
[SourceTitle "Mega2024 Update 01"]
[Source "Chessbase"]
[SourceDate "2023.11.12"]
[SourceVersion "1"]
[SourceVersionDate "2023.11.12"]
[SourceQuality "1"]
[WhiteTeam "Novosibirsk Region (W)"]
[BlackTeam "Krasnodar Etyud Saavedry (W)"]
[WhiteTeamCountry "RUS"]
[BlackTeamCountry "RUS"]

1. d4 d6 2. e4 Nf6 3. Nc3 e5 4. Nge2 Nbd7 5. g3 Be7 6. Bg2 0-0 7. 0-0 c6 8. a4 a5 9. h3 h6 10. g4 Nh7 11. f4 exf4 12. Bxf4 Ndf6 13. Kh1 Qb6 14. Rb1 c5 15. e5 Nd7 16. Nd5 Qd8 17. exd6 Bg5 18. Bg3 cxd4 19. Nxd4 Nb6 20. Nc7 Ra6 21. Nxa6 bxa6 22. b3 Nd7 23. Nc6 Qb6 24. Bf2 Be3 25. Ne7+ Kh8 26. Nd5 Nb8 1-0

[Event "Dubai op-B 23rd"]
[Site "Dubai"]
[Date "2023.06.04"]
[Round "9"]
[White "Roneet, Das"]
[Black "Muratova, Anel"]
[Result "1-0"]
[WhiteElo "1702"]
[BlackElo "1645"]
[PlyCount "51"]
[EventDate "2023.05.27"]
[EventType "swiss"]
[EventRounds "9"]
[EventCountry "UAE"]
[SourceTitle "CBM 214 Extra"]
[Source "ChessBase"]
[SourceDate "2023.07.31"]
[SourceVersion "1"]
[SourceVersionDate "2023.07.31"]
[SourceQuality "1"]

1. d4 f5 2. Bg5 g6 3. e3 Bg7 4. h4 h6 5. Bf4 Nf6 6. Nd2 d5 7. Ngf3 Nbd7 8. Ne5 Nxe5 9. Bxe5 0-0 10. Bd3 Ng4 11. Nf3 c5 12. c3 b6 13. Qe2 Bb7 14. 0-0-0 a5 15. Bxg7 Kxg7 16. Ne5 Nxe5 17. dxe5 Qc8 18. f4 h5 19. Rh3 Qe6 20. Rg3 Kh6 21. Rg5 Qf7 22. g4 hxg4 23. h5 gxh5 24. Rh1 Bc6 25. Qh2 Be8 26. Bb5 1-0

[Event "Dubai op-B 23rd"]
[Site "Dubai"]
[Date "2023.05.31"]
[Round "5"]
[White "Muratova, Anel"]
[Black "Arellano, Bryle"]
[Result "0-1"]
[WhiteElo "1645"]
[BlackElo "2042"]
[PlyCount "94"]
[EventDate "2023.05.27"]
[EventType "swiss"]
[EventRounds "9"]
[EventCountry "UAE"]
[SourceTitle "CBM 214 Extra"]
[Source "ChessBase"]
[SourceDate "2023.07.31"]
[SourceVersion "1"]
[SourceVersionDate "2023.07.31"]
[SourceQuality "1"]

1. e4 c6 2. d4 d5 3. e5 Bf5 4. h4 h5 5. Bd3 Bxd3 6. Qxd3 e6 7. Nf3 Qa5+ 8. c3 Qa6 9. Ke2 Ne7 10. Rd1 Nf5 11. Nbd2 Be7 12. g3 c5 13. Nf1 Qxd3+ 14. Kxd3 cxd4 15. cxd4 Nc6 16. a3 Na5 17. N1d2 Rc8 18. b3 Kd7 19. Bb2 f6 20. Rac1 Nc6 21. b4 a6 22. Nb3 b6 23. Bc3 Rc7 24. Rb1 Nh6 25. Re1 Ng4 26. Re2 Rf8 27. Nbd2 fxe5 28. dxe5 Rf5 29. Bd4 Nxd4 30. Kxd4 Rc2 31. Ne1 Ra2 32. Nd3 Rxa3 33. f4 Nh6 34. Nb3 Rf8 35. Kc3 Nf5 36. Rg2 Ne3 37. Re2 Rc8+ 38. Kd2 Nf5 39. Ndc1 Bxb4+ 40. Kd1 Nxg3 41. Rc2 Rc4 42. Nd3 Rxc2 43. Kxc2 Ra2+ 44. Kd1 Bc3 45. Rc1 d4 46. Rb1 Nf5 47. Kc1 a5 0-1

[Event "Dubai op-B 23rd"]
[Site "Dubai"]
[Date "2023.05.27"]
[Round "1"]
[White "Muratova, Anel"]
[Black "Isaev, Magomed"]
[Result "1-0"]
[WhiteElo "1645"]
[BlackElo "1986"]
[PlyCount "89"]
[EventDate "2023.05.27"]
[EventType "swiss"]
[EventRounds "9"]
[EventCountry "UAE"]
[SourceTitle "CBM 214 Extra"]
[Source "ChessBase"]
[SourceDate "2023.07.31"]
[SourceVersion "1"]
[SourceVersionDate "2023.07.31"]
[SourceQuality "1"]

1. e4 c6 2. d4 d5 3. Nc3 dxe4 4. Nxe4 Nf6 5. Nxf6+ exf6 6. Nf3 Bd6 7. Bd3 Bg4 8. Qe2+ Qe7 9. Qxe7+ Kxe7 10. Nh4 g6 11. f3 Be6 12. c4 Rd8 13. Be3 Bc5 14. dxc5 Rxd3 15. Ke2 Rd7 16. g4 Bxc4+ 17. Kf2 Na6 18. Rhe1 Be6 19. a3 Nc7 20. Bf4 Ne8 21. Ng2 Rad8 22. h4 Kf8 23. Bh6+ Kg8 24. Rac1 Nc7 25. Bf4 Nd5 26. Bd6 b6 27. b4 a5 28. bxa5 b5 29. a4 b4 30. Ne3 Nc3 31. Nc2 Rxd6 32. cxd6 c5 33. Na3 Rxd6 34. Nb5 Rd2+ 35. Ke3 Ra2 36. Nxc3 bxc3 37. Rxc3 c4 38. Rcc1 Ra3+ 39. Ke4 Rd3 40. Kf4 Bd5 41. Rf1 Rd4+ 42. Kg3 c3 43. Rfd1 Rxd1 44. Rxd1 c2 45. Rc1 1-0

[Event "Benidorm op-B"]
[Site "Benidorm"]
[Date "2022.12.03"]
[Round "1"]
[White "Muratova, Anel"]
[Black "Selva Salvador, Antonio"]
[Result "1/2-1/2"]
[WhiteElo "1669"]
[BlackElo "1954"]
[PlyCount "128"]
[EventDate "2022.12.03"]
[EventType "swiss"]
[EventRounds "9"]
[EventCountry "ESP"]
[SourceTitle "CBM 212 Extra"]
[Source "ChessBase"]
[SourceDate "2023.03.31"]
[SourceVersion "1"]
[SourceVersionDate "2023.03.31"]
[SourceQuality "1"]

1. e4 c5 2. c3 e6 3. Nf3 Nc6 4. d4 cxd4 5. cxd4 d5 6. exd5 Qxd5 7. Nc3 Bb4 8. Be2 Nf6 9. 0-0 Qd8 10. Bg5 0-0 11. Qb3 Be7 12. Rad1 Nd5 13. Bxe7 Ncxe7 14. Ne5 b6 15. Bf3 Bb7 16. Ne4 Nf5 17. g3 Qe7 18. Bg2 Rfd8 19. Rfe1 Rac8 20. a3 h6 21. Qa4 a6 22. Qb3 Qc7 23. Qf3 Ba8 24. Qh5 g6 25. Qf3 Kg7 26. Bf1 Nf6 27. Bxa6 Nxe4 28. Rxe4 Bxe4 29. Qxe4 Qc2 30. Qf3 Rc7 31. Bd3 Qxb2 32. Bxf5 exf5 33. Nc6 Rd6 34. d5 Qc2 35. Nb4 Qe4 36. Qb3 Qc4 37. Qe3 Qc3 38. Rd3 Qc1+ 39. Kg2 Qxe3 40. Rxe3 Kf6 41. h4 h5 42. Kf3 Rc5 43. Rd3 Rd8 44. Ke3 Re8+ 45. Kf3 Ke7 46. d6+ Ke6 47. Na6 Rc6 48. Nc7+ Kd7 49. Nxe8 Kxe8 50. d7+ Kd8 51. Kf4 f6 52. Ke3 Rc7 53. Rd6 Rc3+ 54. Ke2 Rxa3 55. Rxb6 Ra2+ 56. Kf3 Ra3+ 57. Kg2 g5 58. Kh3 f4 59. hxg5 fxg5 60. Rb5 fxg3 61. fxg3 h4 62. Rxg5 Rxg3+ 63. Rxg3 hxg3 64. Kxg3 Kxd7 1/2-1/2

[Event "Asian University (Women)"]
[Site "Tornelo INT"]
[Date "2021.09.05"]
[Round "8"]
[White "Muratova, Anel"]
[Black "Gamage, Yasasmi Umarusiru"]
[Result "1-0"]
[WhiteElo "1753"]
[BlackElo "1271"]
[PlyCount "97"]
[EventDate "2021.09.03"]
[EventType "swiss (rapid)"]
[EventRounds "9"]
[EventCountry "NET"]
[SourceTitle "CBM 204 Extra"]
[Source "ChessBase"]
[SourceDate "2021.11.30"]
[SourceVersion "1"]
[SourceVersionDate "2021.11.30"]
[SourceQuality "1"]

1. e4 e6 2. d3 d5 3. Nd2 Nc6 4. g3 Nf6 5. Bg2 e5 6. Ngf3 dxe4 7. dxe4 Bd6 8. 0-0 Bg4 9. c3 0-0 10. h3 Be6 11. Ng5 Bd7 12. Nc4 Bc5 13. Be3 Be7 14. Qc2 h6 15. Nf3 Be6 16. Ncxe5 Nxe5 17. Nxe5 Bd6 18. Nf3 Qd7 19. e5 Bf5 20. Qd2 Ne4 21. Qe2 Be7 22. Nd4 Ng5 23. h4 Nh7 24. Rad1 Bh3 25. Nb5 Qf5 26. Nxc7 Rac8 27. Nd5 Bd8 28. Bxa7 Bxg2 29. Kxg2 g5 30. h5 Re8 31. Rfe1 Ra8 32. Bd4 g4 33. Ne3 Qe4+ 34. Kh2 Ng5 35. Nxg4 Nf3+ 36. Kh3 Qf5 37. Kg2 Nxe1+ 38. Rxe1 Kh7 39. a3 Rg8 40. f3 Qg5 41. Qe4+ Kh8 42. e6+ f6 43. e7 Bxe7 44. Qxe7 Qd2+ 45. Re2 Qxe2+ 46. Qxe2 Rae8 47. Bxf6+ Kh7 48. Qd3+ Rg6 49. Qxg6# 1-0

[Event "KAZ Cup Blitz (Women)"]
[Site "Almaty"]
[Date "2020.12.20"]
[Round "6"]
[White "Kairbekova, Amina"]
[Black "Muratova, Anel"]
[Result "1-0"]
[WhiteElo "2065"]
[BlackElo "1753"]
[PlyCount "193"]
[EventDate "2020.12.20"]
[EventType "swiss (blitz)"]
[EventRounds "9"]
[EventCountry "KAZ"]
[SourceTitle "CBM 199 Extra"]
[Source "ChessBase"]
[SourceDate "2021.01.31"]
[SourceVersion "1"]
[SourceVersionDate "2021.01.31"]
[SourceQuality "1"]

1. e4 g6 2. d4 Bg7 3. Nf3 d6 4. Bd3 Nf6 5. 0-0 0-0 6. Qe2 Nbd7 7. c3 e5 8. Bg5 c6 9. Na3 h6 10. Bh4 Qc7 11. Bg3 Nh5 12. Rfd1 a6 13. Rac1 Re8 14. Bb1 b5 15. c4 b4 16. Nc2 a5 17. Ne3 Ba6 18. Qc2 Nxg3 19. hxg3 exd4 20. Nxd4 Nf6 21. f3 Nh5 22. Kf2 d5 23. g4 Qg3+ 24. Kg1 dxe4 25. Nf1 Qh4 26. gxh5 e3 27. Ne2 Qf2+ 28. Kh1 Re5 29. Neg3 e2 30. Nh2 exd1Q+ 31. Rxd1 Re1+ 32. Rxe1 Qxe1+ 33. Nhf1 Rd8 34. Qe4 Qxe4 35. Bxe4 Bxc4 36. hxg6 fxg6 37. Kh2 Be5 38. Ne3 Be6 39. Bxg6 Kg7 40. Bf5 Kf6 41. Be4 Rg8 42. Nef1 h5 43. Bh7 Rg7 44. Be4 h4 45. f4 hxg3+ 46. Kg1 Bxf4 47. Bxc6 Be5 48. Nd2 Bd4+ 49. Kf1 Rh7 50. Ke2 Bg4+ 51. Kd3 Bxb2 52. Ne4+ Kg6 53. Nxg3 Bf5+ 54. Nxf5 Rh2 55. Nd6 Be5 56. Nc4 Bc7 57. Be4+ Kf6 58. Kd4 Rh5 59. Ne3 Bb6+ 60. Kd3 Rh8 61. Nd5+ Ke5 62. Nxb6 Rd8+ 63. Ke3 Rg8 64. Nc4+ Ke6 65. Nxa5 Rg3+ 66. Bf3 Rg5 67. Nc6 Kd6 68. Nxb4 Kc5 69. Nd3+ Kc4 70. Nf4 Rg7 71. g4 Re7+ 72. Be4 Rg7 73. Kf3 Rg8 74. Ne6 Re8 75. Bf5 Re7 76. Kf4 Kd5 77. g5 Ra7 78. Nf8 Ra4+ 79. Kg3 Ke5 80. Be6 Ra3+ 81. Bb3 Ra8 82. Nd7+ Kf5 83. Nb6 Ra6 84. Nc4 Kxg5 85. Kf3 Kf5 86. Ke3 Ra8 87. Kd4 Rd8+ 88. Kc5 Ke4 89. a4 Rc8+ 90. Kb5 Kd4 91. Nb6 Rc5+ 92. Ka6 Rc3 93. Bf7 Kc5 94. Kb7 Rf3 95. Be6 Rf6 96. Nd7+ Kd6 97. Nxf6 1-0

[Event "Asia-ch Universities (Women)"]
[Site "Chess.com INT"]
[Date "2020.12.17"]
[Round "9"]
[White "Muratova, Anel"]
[Black "Kiana, Arab"]
[Result "1-0"]
[WhiteElo "1833"]
[BlackElo "1859"]
[PlyCount "129"]
[EventDate "2020.12.15"]
[EventType "swiss"]
[EventRounds "9"]
[EventCountry "IRI"]
[SourceTitle "EXT 2022"]
[Source "ChessBase"]
[SourceDate "2021.10.06"]
[SourceVersion "1"]
[SourceVersionDate "2021.10.06"]
[SourceQuality "1"]

1. Nf3 d5 2. g3 c5 3. Bg2 e6 4. 0-0 Nf6 5. d3 Nc6 6. Nbd2 d4 7. e4 e5 8. Nc4 Qc7 9. a4 Be6 10. Nfd2 g5 11. Nb3 Rg8 12. h3 Qd7 13. Kh2 Be7 14. Qe2 h5 15. f4 exf4 16. gxf4 g4 17. f5 Bxc4 18. dxc4 Qc7+ 19. Bf4 Ne5 20. h4 Nf3+ 21. Rxf3 gxf3 22. Qxf3 Qd7 23. Kh1 Ng4 24. f6 Bxf6 25. Nxc5 Qe7 26. Nd3 Ne5 27. Qxh5 Rh8 28. Qf5 Rxh4+ 29. Kg1 Nxd3 30. cxd3 Qe6 31. Qb5+ Qd7 32. Bg3 Qxb5 33. axb5 Rg4 34. Kf2 Bh4 35. Bxh4 Rxh4 36. e5 0-0-0 37. Rxa7 Rh5 38. Bxb7+ Kb8 39. Ra8+ Kc7 40. b6+ Kd7 41. Bc6+ Ke7 42. b7 Rh2+ 43. Bg2 Rhh8 44. Rxd8 Rxd8 45. Bh3 Rb8 46. Bc8 Kd8 47. Kf3 Kc7 48. Ke4 Kb6 49. Kxd4 Kc6 50. b4 Kb6 51. Kd5 Kc7 52. c5 Kd8 53. Kd6 f5 54. exf6 Ke8 55. Kc7 Rxb7+ 56. Bxb7 Kf7 57. Kd6 Ke8 58. c6 Kf7 59. c7 Kg6 60. c8Q Kf7 61. Bd5+ Kg6 62. Qg4+ Kh6 63. Ke7 Kh7 64. Kf7 Kh6 65. Qg6# 1-0

[Event "FISU World University"]
[Site "Tornelo INT"]
[Date "2020.10.28"]
[Round "8.4"]
[White "Muratova, Anel"]
[Black "Sadubayev, Airat"]
[Result "0-1"]
[WhiteElo "1753"]
[BlackElo "2190"]
[PlyCount "104"]
[EventDate "2020.10.26"]
[EventType "team-swiss (rapid)"]
[EventRounds "9"]
[EventCountry "NET"]
[SourceTitle "CBM 199 Extra"]
[Source "ChessBase"]
[SourceDate "2021.01.31"]
[SourceVersion "1"]
[SourceVersionDate "2021.01.31"]
[SourceQuality "1"]
[WhiteTeam "Kazakhstan II"]
[BlackTeam "Kazakhstan"]
[WhiteTeamCountry "KAZ"]
[BlackTeamCountry "KAZ"]

1. e4 c5 2. Nf3 d6 3. d3 Nc6 4. g3 g6 5. Bg2 Bg7 6. 0-0 e5 7. Nc3 Nge7 8. Nd2 0-0 9. Nc4 Be6 10. Ne3 f5 11. f4 Qd7 12. Ncd5 Rae8 13. c3 h6 14. Bd2 Kh7 15. a4 Ng8 16. Kh1 Nf6 17. Qc2 Rf7 18. Rae1 Ref8 19. fxe5 dxe5 20. Nxf6+ Rxf6 21. Nd5 R6f7 22. Qd1 g5 23. Qh5 f4 24. h3 Ne7 25. c4 Nc6 26. gxf4 gxf4 27. Bc3 Qd8 28. Bf3 Qg5 29. Rg1 Qxh5 30. Bxh5 Rd7 31. Kh2 Nd4 32. Bxd4 exd4 33. Ref1 Be5 34. Bg6+ Kh8 35. Rf3 Rg7 36. Bh5 Rg5 37. Bg4 Bf7 38. h4 Rg7 39. Ne7 Bg6 40. Nd5 Be8 41. Kh3 Rfg8 42. Nxf4 Rxg4 43. Rxg4 Bd7 44. Ng6+ Rxg6 45. Rf8+ Kh7 46. Rf7+ Rg7 47. Rxd7 Rxd7 48. h5 Rg7 49. Rxg7+ Kxg7 50. Kh4 Kf6 51. Kg4 Bc7 52. b3 b6 0-1

[Event "KAZ-ch (Women)"]
[Site "Almaty"]
[Date "2018.04.25"]
[Round "6"]
[White "Zhylkaidarova, Sholpan"]
[Black "Muratova, Anel"]
[Result "1-0"]
[WhiteElo "2199"]
[BlackElo "1890"]
[PlyCount "99"]
[EventDate "2018.04.20"]
[EventType "tourn"]
[EventRounds "9"]
[EventCountry "KAZ"]
[SourceTitle "CBM 184 Extra"]
[Source "ChessBase"]
[SourceDate "2018.06.28"]
[SourceVersion "1"]
[SourceVersionDate "2018.06.28"]
[SourceQuality "1"]

1. d4 Nf6 2. c4 g6 3. Nc3 Bg7 4. e4 d6 5. Nf3 0-0 6. Be2 e5 7. 0-0 Nc6 8. d5 Ne7 9. b4 Nh5 10. Re1 a5 11. bxa5 Rxa5 12. a4 c5 13. Rb1 h6 14. Bd2 Nf4 15. Bf1 g5 16. Ne2 Nxe2+ 17. Bxe2 Ra7 18. Bc3 Ng6 19. Nd2 f5 20. Rb2 Nf4 21. Bf1 g4 22. exf5 Bxf5 23. Ne4 Rf7 24. a5 Bf8 25. Qb1 h5 26. Rb6 h4 27. Re3 Bxe4 28. Qxe4 Qg5 29. Bd2 Qf6 30. Be2 Bh6 31. Be1 Qg5 32. Rxd6 Bf8 33. Rb6 Bg7 34. d6 Rd7 35. Bf1 Bf6 36. g3 Ne6 37. Qd5 Kf7 38. Bc3 hxg3 39. hxg3 Qf5 40. Bxe5 Rxa5 41. Bxf6 Kxf6 42. Qxf5+ Kxf5 43. Bd3+ Kf6 44. Be2 Nd8 45. Bxg4 Rh7 46. Re8 Rg7 47. d7+ Kg5 48. Bh3 Ra1+ 49. Kg2 Ra8 50. Re5# 1-0

[Event "KAZ-ch (Women)"]
[Site "Almaty"]
[Date "2018.04.22"]
[Round "3"]
[White "Muratova, Anel"]
[Black "Dauletova, Gulmira"]
[Result "0-1"]
[WhiteElo "1890"]
[BlackElo "2295"]
[PlyCount "64"]
[EventDate "2018.04.20"]
[EventType "tourn"]
[EventRounds "9"]
[EventCountry "KAZ"]
[SourceTitle "CBM 184 Extra"]
[Source "ChessBase"]
[SourceDate "2018.06.28"]
[SourceVersion "1"]
[SourceVersionDate "2018.06.28"]
[SourceQuality "1"]

1. e4 c5 2. Nf3 e6 3. d4 cxd4 4. Nxd4 Nc6 5. Nxc6 bxc6 6. Bd3 Nf6 7. 0-0 e5 8. Qe2 Be7 9. Nd2 0-0 10. Nc4 d6 11. h3 Be6 12. f4 Re8 13. c3 exf4 14. Bxf4 Bxc4 15. Bxc4 d5 16. Bd3 Nxe4 17. Qf3 Bc5+ 18. Kh1 Re6 19. b4 Bf8 20. a4 Qe8 21. Bc2 Bd6 22. Qd3 Rd8 23. b5 Rf6 24. Bxd6 Rdxd6 25. c4 Qe5 26. bxc6 Ng3+ 27. Kg1 Nxf1 28. Rxf1 Rxf1+ 29. Kxf1 Rxc6 30. cxd5 Rf6+ 31. Kg1 g6 32. Bb3 Qe1+ 0-1

[Event "KAZ-ch (Women)"]
[Site "Almaty"]
[Date "2018.04.21"]
[Round "2"]
[White "Kairbekova, Amina"]
[Black "Muratova, Anel"]
[Result "1-0"]
[WhiteElo "1898"]
[BlackElo "1890"]
[PlyCount "134"]
[EventDate "2018.04.20"]
[EventType "tourn"]
[EventRounds "9"]
[EventCountry "KAZ"]
[SourceTitle "CBM 184 Extra"]
[Source "ChessBase"]
[SourceDate "2018.06.28"]
[SourceVersion "1"]
[SourceVersionDate "2018.06.28"]
[SourceQuality "1"]

1. e4 c5 2. Nf3 e6 3. d4 cxd4 4. Nxd4 a6 5. Nc3 b5 6. a3 Qb6 7. Be3 Qc7 8. Be2 Nf6 9. 0-0 Bb7 10. f3 Bd6 11. Kh1 Be7 12. Nb3 0-0 13. Qd2 d6 14. Rad1 Rd8 15. g4 d5 16. g5 dxe4 17. gxf6 exf3 18. Bd3 Qxc3 19. Be4 Rxd2 20. fxe7 Rxh2+ 21. Kxh2 Qe5+ 22. Kh3 Nc6 23. Bxc6 Qh5+ 24. Kg3 Qg6+ 25. Kh4 Bxc6 26. Rd8+ Be8 27. Nc5 f5 28. Rg1 Qh5+ 29. Kg3 Qg4+ 30. Kf2 Qh4+ 31. Kxf3 Rxd8 32. exd8Q Qxd8 33. Rxg7+ Kh8 34. Nxe6 Qd5+ 35. Kf2 Bd7 36. Nf4 Qd1 37. Rg1 Qd6 38. c3 h5 39. Rg6 Qe7 40. Rh6+ Kg8 41. Rh8+ Kxh8 42. Ng6+ Kg7 43. Nxe7 Kf6 44. Nd5+ Ke5 45. Nf4 Be8 46. Kf3 Bc6+ 47. Kg3 Ke4 48. Bc1 Be8 49. Kh4 a5 50. Nxh5 Kd3 51. Bf4 a4 52. Kg5 Kc2 53. Bd6 Kxb2 54. Bb4 Kc2 55. Ng7 Bf7 56. Nxf5 Be8 57. Kf6 Kd3 58. Ke7 Bh5 59. Nd6 Be2 60. Nxb5 Kc4 61. Nd4 Bd1 62. Kd6 Bh5 63. Kc6 Be8+ 64. Kb6 Bd7 65. Ka5 Be8 66. Ne6 Bh5 67. Kxa4 Kd5 1-0

[Event "Kazakhstan Cup (Women)"]
[Site "Astana"]
[Date "2017.12.25"]
[Round "4"]
[White "Muratova, Anel"]
[Black "Ankudinova, Elena"]
[Result "0-1"]
[WhiteElo "1939"]
[BlackElo "2133"]
[PlyCount "62"]
[EventDate "2017.12.23"]
[EventType "tourn"]
[EventRounds "9"]
[EventCountry "KAZ"]
[SourceTitle "CBM 182 Extra"]
[Source "ChessBase"]
[SourceDate "2018.02.23"]
[SourceVersion "1"]
[SourceVersionDate "2018.02.23"]
[SourceQuality "1"]

1. e4 c5 2. Nf3 Nf6 3. d3 d5 4. Nbd2 Nc6 5. g3 g6 6. Bg2 Bg7 7. 0-0 0-0 8. Re1 e6 9. Qe2 b5 10. Nf1 Bb7 11. e5 Nd7 12. Bf4 Qb6 13. h4 h6 14. N1h2 Rae8 15. Ng4 h5 16. Nh6+ Kh7 17. Qd2 Ncxe5 18. Nxe5 Nxe5 19. Rxe5 Bxe5 20. Bxe5 f6 21. g4 fxe5 22. gxh5 Rf4 23. Re1 Qc7 24. d4 e4 25. Re3 Kxh6 26. hxg6 Kxg6 27. Rg3+ Kh7 28. Rg5 Rxh4 29. Rg3 Qf4 30. Qa5 Rf8 31. Bf3 Qc1+ 0-1

[Event "Pavlodar op"]
[Site "Pavlodar"]
[Date "2017.11.23"]
[Round "4"]
[White "Salimov, Ruslan"]
[Black "Muratova, Anel"]
[Result "1-0"]
[WhiteElo "2172"]
[BlackElo "1940"]
[PlyCount "53"]
[EventDate "2017.11.21"]
[EventType "swiss"]
[EventRounds "9"]
[EventCountry "KAZ"]
[SourceTitle "EXT 2019"]
[Source "ChessBase"]
[SourceDate "2018.10.10"]
[SourceVersion "1"]
[SourceVersionDate "2018.10.10"]
[SourceQuality "1"]

1. d4 f5 2. Bg5 g6 3. e3 Bg7 4. Bd3 Nf6 5. h4 Ne4 6. Bxe4 fxe4 7. Qg4 d5 8. Qg3 c5 9. Ne2 Nc6 10. Nbc3 cxd4 11. exd4 Nxd4 12. Nxd4 Bxd4 13. 0-0-0 Bxc3 14. Qxc3 0-0 15. h5 Qd6 16. hxg6 Qxg6 17. Rxd5 Be6 18. Re5 Rxf2 19. Qe3 Rxg2 20. Bxe7 Rc8 21. c3 Bxa2 22. Bc5 Bb3 23. Rxe4 Rxc5 24. Re8+ Kg7 25. Qd4+ Qf6 26. Re7+ Kg6 27. Rh6+ 1-0

[Event "KAZ-ch sf (Women)"]
[Site "Pavlodar"]
[Date "2016.02.08"]
[Round "3"]
[White "Baidalinova, Darina"]
[Black "Muratova, Anel"]
[Result "0-1"]
[WhiteElo "1460"]
[BlackElo "2008"]
[PlyCount "68"]
[EventDate "2016.02.05"]
[EventType "swiss"]
[EventRounds "9"]
[EventCountry "KAZ"]
[SourceTitle "CBM 171 Extra"]
[Source "ChessBase"]
[SourceDate "2016.04.26"]
[SourceVersion "1"]
[SourceVersionDate "2016.04.26"]
[SourceQuality "1"]

1. d4 Nf6 2. e3 d5 3. c3 c6 4. Bd3 Nbd7 5. f4 c5 6. Nf3 b6 7. 0-0 Bb7 8. b3 e6 9. Bb2 Bd6 10. Ne5 0-0 11. Nd2 Ne4 12. Ndf3 f6 13. Nxd7 Qxd7 14. Qc1 Rac8 15. c4 b5 16. Qc2 Qe7 17. cxd5 exd5 18. Qe2 c4 19. bxc4 dxc4 20. Bc2 b4 21. Rab1 a5 22. Ba4 Bd5 23. Ba1 c3 24. Bb3 Bxb3 25. Rxb3 a4 26. Rbb1 c2 27. Rbc1 b3 28. axb3 axb3 29. Bb2 Nc3 30. Qd3 Qe4 31. Qxe4 Nxe4 32. Ne1 Nd2 33. Rf2 Nc4 34. Ba1 Ba3 0-1

[Event "Moscow op-B (Women)"]
[Site "Moscow"]
[Date "2015.02.07"]
[Round "8"]
[White "Sakorenko, Adriana"]
[Black "Muratova, Anel"]
[Result "0-1"]
[WhiteElo "1732"]
[BlackElo "1905"]
[PlyCount "26"]
[EventDate "2015.01.31"]
[EventType "swiss"]
[EventRounds "9"]
[EventCountry "RUS"]
[SourceTitle "CBM 164 Extra"]
[Source "ChessBase"]
[SourceDate "2015.03.02"]
[SourceVersion "1"]
[SourceVersionDate "2015.03.02"]
[SourceQuality "1"]

1. e4 c5 2. Nf3 d6 3. d4 cxd4 4. Nxd4 Nf6 5. Nc3 g6 6. Bc4 Bg7 7. h3 Nc6 8. Be3 0-0 9. 0-0 Bd7 10. Qd2 Rc8 11. Rad1 Nxd4 12. Qxd4 Ng4 13. Qd3 Ne5 0-1

[Event "Moscow op-B (Women)"]
[Site "Moscow"]
[Date "2015.02.03"]
[Round "4"]
[White "Shchukina, Ekaterina"]
[Black "Muratova, Anel"]
[Result "0-1"]
[WhiteElo "1550"]
[BlackElo "1905"]
[PlyCount "76"]
[EventDate "2015.01.31"]
[EventType "swiss"]
[EventRounds "9"]
[EventCountry "RUS"]
[SourceTitle "CBM 164 Extra"]
[Source "ChessBase"]
[SourceDate "2015.03.02"]
[SourceVersion "1"]
[SourceVersionDate "2015.03.02"]
[SourceQuality "1"]

1. e4 c5 2. Nf3 d6 3. d4 cxd4 4. Nxd4 Nf6 5. Nc3 g6 6. Be3 Bg7 7. f3 Nc6 8. Qd2 0-0 9. 0-0-0 d5 10. exd5 Nxd5 11. Nxc6 bxc6 12. Nxd5 cxd5 13. Bd4 e5 14. Bc5 Rb8 15. Qxd5 Qg5+ 16. Qd2 Qxd2+ 17. Rxd2 Re8 18. Rd1 Be6 19. b3 a5 20. Bd3 a4 21. Kd2 Rec8 22. Be3 f5 23. Ke2 Ra8 24. Kf2 axb3 25. axb3 Ra2 26. Rb1 Rc3 27. Rhd1 Rxb3 28. Bc5 h6 29. Kg1 Rbb2 30. Bb4 Rxb1 31. Rxb1 Bd5 32. Re1 Ra4 33. Bd6 e4 34. fxe4 fxe4 35. Bb5 Ra2 36. c4 Bb7 37. c5 Bd4+ 38. Kf1 Rf2+ 0-1

[Event "KAZ-ch U20 Girls"]
[Site "Kostanay"]
[Date "2012.02.11"]
[Round "9"]
[White "Alpysbayeva, Aigerim"]
[Black "Muratova, Anel"]
[Result "1/2-1/2"]
[WhiteElo "1991"]
[BlackElo "1879"]
[PlyCount "71"]
[EventDate "2012.02.04"]
[EventType "swiss"]
[EventRounds "9"]
[EventCountry "KAZ"]
[SourceTitle "EXT 2014"]
[Source "ChessBase"]
[SourceDate "2013.11.20"]
[SourceVersion "1"]
[SourceVersionDate "2013.11.20"]
[SourceQuality "1"]

1. d4 Nf6 2. c4 e6 3. g3 c6 4. Bg2 d5 5. cxd5 cxd5 6. Nc3 Nc6 7. Nf3 Be7 8. 0-0 0-0 9. b3 Bd7 10. Bb2 Ne4 11. Nxe4 dxe4 12. Ne5 Nxe5 13. dxe5 Bc6 14. Qc2 e3 15. Bxc6 exf2+ 16. Rxf2 Rc8 17. Rd1 Rxc6 18. Rxd8 Rxc2 19. Rxf8+ Kxf8 20. e3 Rc7 21. Re2 Bb4 22. Kf2 a5 23. Kf3 Ke7 24. Ke4 b5 25. Bd4 f5+ 26. Kf3 Rc1 27. Bb2 Rc6 28. Bd4 Kd7 29. g4 Bc3 30. gxf5 exf5 31. Kf4 g6 32. h4 a4 33. bxa4 b4 34. h5 Ke6 35. hxg6 hxg6 36. a5 1/2-1/2